000 00696nam a2200241Ia 4500
003 OSt
005 20220930195858.0
006 a|||||r|||| 00| 0
007 ta
008 220926b |||||||| |||| 00| 0 hin d
024 _a17149
037 _cDissertations
040 _aCRL
_cCRL
_bhin
041 _2hin
_ahin
100 _aSharma Hari Mohan
_9406718
110 _aUniversity of Delhi. Faculty of Arts. Department of Hindi
245 0 _aRasik vinod ka alochanatamak adhyayan
260 _c1973
650 _aHINDI LITERATURE
_923866
700 _aUniversity of Delhi. Faculty of Arts. Department of Hindi
942 _cDIS
_2CC
999 _c899795
_d899795